| 000 -LEADER |
| fixed length control field |
01394pab a2200169 454500 |
| 008 - FIXED-LENGTH DATA ELEMENTS--GENERAL INFORMATION |
| fixed length control field |
180718b2009 xxu||||| |||| 00| 0 eng d |
| 100 ## - MAIN ENTRY--PERSONAL NAME |
| Personal name |
Kim, Sangmook |
| 245 ## - TITLE STATEMENT |
| Title |
Revising Perry's measurement scale of public service motivation |
| 260 ## - PUBLICATION, DISTRIBUTION, ETC. |
| Date of publication, distribution, etc. |
2009 |
| 300 ## - PHYSICAL DESCRIPTION |
| Extent |
p.149-63. |
| 362 ## - DATES OF PUBLICATION AND/OR SEQUENTIAL DESIGNATION |
| Dates of publication and/or sequential designation |
Mar |
| 520 ## - SUMMARY, ETC. |
| Summary, etc. |
J.L. Perry (1996) identified a 24-item multidimensional scale to measure public service motivation (PSM), But the measurement scale of PSM is not fully examined. On the basis of Perry's items, S.Kim (in press) produced a 14-item scale of four factors, but the dimension of attraction to policy making (APM) in the second-order model is doubtful. The present study revises the questionable items of the APM dimension into more positive and relevant ones and tests whether the dimension of APM is valid. Two independent samples (n1 = 690 and n2 = 498) are used for the scale validation. The statistical analysis applied confirmatory factor analysis using Amos 7.0. The modification process, which generated a 12-item scale for four factors, produced a valid and reliable measure: the test results provided support for convergent validity as well as discriminant validity of the four-factor model, and the reliability coefficients of all subscales were good. - Reproduced. |
| 650 ## - SUBJECT ADDED ENTRY--TOPICAL TERM |
| Topical term or geographic name entry element |
Motivation |
| 773 ## - HOST ITEM ENTRY |
| Main entry heading |
American Review of Public Administration |
| 908 ## - PUT COMMAND PARAMETER (RLIN) |
| Put command parameter |
N |
| 909 ## - |
| -- |
83128 |